000 00602nam a2200181Ia 4500
008 100920s9999 xx 000 0 und d
082 _b94018
_a51 न 05
100 _aदि ब्रटो फ्रान्सिस.
245 _aपोप दुसरे जॉन पॉल.
260 _bराजहंस पुणे.
_c2005
300 _a224
_bसाधी
365 _b200
520 _aचरित्र.
630 _aपोप दुसरे जॉन पॉल.
650 _aचरित्र.
730 _aपोप दुसरे जॉन पॉल.
942 _cBOOK
999 _c734461
_d734458